000 00979nam a2200277Ia 4500
005 20220316235222.0
008 121119s2002 sp a gr 000 j spa
020 _a8420447560
041 1 _aspa
100 1 _aNostlinger, Christine,
_d1936-
245 1 0 _aJuan, Julia y Jericó
_cChristine Nostlinger ; ilustraciones de Karin Schubert ; [traducción, Rosa Pilar Blanco]
250 _aDécima sexta edición
264 1 _aMadrid
_bEdiciones Alfaguara
_c2002
300 _a110 páginas
_bilustraciones
336 _atexto
_btxt
_2rdacontent
337 _asin mediación
_bn
_2rdamedia
338 _avolumen
_bnc
_2rdacarrier
650 1 4 _2LEMB
_aLiteratura infantil austriaca
_ySiglo XX
650 1 4 _2LEMB
_aCuentos infantiles austriacos
_vSiglo XX
650 1 4 _2LEMB
_aAmistad
_vCuentos
700 1 _aSchubert, Karin
_eilustrador
_9116521
700 1 _aBlanco, Rosa Pilar
_etraductor
_9116522
942 _2loc
_cBKLIT
040 _aCO-BoRNBP
_bspa
_erda
_cCO-BoRNBP
084 _aC NOS1
999 _c260
_d260